| 000 | 00417nam a22001217a 4500 | ||
|---|---|---|---|
| 082 | _a220 PRO | ||
| 100 |
_aNC Aqdas Tariq NC Usman Shoukat Muhammad Ehsan _970575 |
||
| 245 | _aPR-SOF-1802-Design and Fabrication of Intake and Exhaust Valve using Electronic Actuation | ||
| 260 |
_aISLAMABAD _bNUST COLLEGE OF EME _c2019 |
||
| 650 |
_aDE-MECH-37 _970562 |
||
| 700 |
_aSUPERVISOR Dr. Raja Amir Azim _970563 |
||
| 942 | _cCR | ||
| 999 |
_c577543 _d577543 |
||